000 00346nam a2200169Ia 4500
100 _aUyemura/John P
650 _aCMOS
942 _cBK
366 _f25
654 _aLogic circuit
245 _aCMOS logic circuit design
260 _bSpringer
_c2001
082 _a621.3815
_bUYE
300 _a528
546 _aENGLISH
_cTTL
999 _c30319
_d30319